Veľtrhy a výstavy v ČR a SR v roku 2006

Prehľad výstav a veľtrhov organizovaných počas r. 2006 v Českej a Slovenskej republike.

Saved in:
Bibliographic Details
Format: Book Chapter
Language:Slovak
Subjects:
Tags: Add Tag
No Tags, Be the first to tag this record!

MARC

LEADER 00000naa$a2200000$$$4500
001 0037031
005 20231004131040.1
041 0 |a slo 
044 |a SK 
245 1 0 |a Veľtrhy a výstavy v ČR a SR v roku 2006 
520 |a Prehľad výstav a veľtrhov organizovaných počas r. 2006 v Českej a Slovenskej republike. 
610 2 0 |a komunikácia masová 
610 2 0 |a veľtrhy 
610 2 0 |a výstavy 
610 2 0 |a Slovensko 
610 2 0 |a Česko 
610 2 0 |a 2006